Prísnejšie pravidlá ochrany osobných údajov
Cieľ zavedenia nových pravidiel. Zavedenie nových pravidiel v nariadení EÚ. Hlavné zmeny týkajúce sa podnikateľa. Ciele, úlohy, dôvody a predpoklady nariadenia o ochrane osobných údajov. Úplné znenie nariadenia, ktorým sa zrušuje smernica 95/46/ES. Nová európska legislatíva pre oblasť ochrany osobný...
Enregistré dans:
| Auteur principal: | |
|---|---|
| Format: | Chapitre de livre |
| Langue: | slovaque |
| Sujets: | |
| Tags: |
Pas de tags, Soyez le premier à ajouter un tag!
|
MARC
| LEADER | 00000naa a2200000 4500 | ||
|---|---|---|---|
| 001 | 0237891 | ||
| 005 | 20220805074249.0 | ||
| 041 | 0 | |a slo | |
| 044 | |a SK | ||
| 245 | 1 | 0 | |a Prísnejšie pravidlá ochrany osobných údajov |c Lukáš Fudák |
| 520 | |a Cieľ zavedenia nových pravidiel. Zavedenie nových pravidiel v nariadení EÚ. Hlavné zmeny týkajúce sa podnikateľa. Ciele, úlohy, dôvody a predpoklady nariadenia o ochrane osobných údajov. Úplné znenie nariadenia, ktorým sa zrušuje smernica 95/46/ES. Nová európska legislatíva pre oblasť ochrany osobných údajov. | ||
| 610 | 2 | 0 | |a ochrana údajov osobných |
| 610 | 2 | 0 | |a legislatíva |
| 610 | 2 | 0 | |a informácie |
| 610 | 2 | 0 | |a podnikatelia |
| 610 | 2 | 0 | |a firmy |
| 610 | 2 | 0 | |a sprostredkovatelia |
| 610 | 2 | 0 | |a zamestnanci |
| 610 | 2 | 0 | |a zákazníci |
| 610 | 2 | 0 | |a Európska únia |
| 100 | 1 | |a Fudák, Lukáš | |